| 000 | 00831nam a2200277Ia 4500 | ||
|---|---|---|---|
| 003 | OSt | ||
| 005 | 20221005051425.0 | ||
| 006 | a|||||r|||| 00| 0 | ||
| 007 | ta | ||
| 008 | 221004b |||||||| |||| 00| 0 eng d | ||
| 020 |
_a9781474297783 (hbk) _cUKP 130.00 |
||
| 024 | _a41276 | ||
| 037 |
_bBBS/13, 18/01/2019, Better Book Service _cTextual |
||
| 040 |
_aCRL _cCRL _beng |
||
| 041 |
_2eng _aeng |
||
| 082 | _aY15:(R), Q8 | ||
| 100 | _aGaravaso Pieranna Ed. | ||
| 245 | 0 | _aBloomsbury companion to anlytic feminism | |
| 260 |
_aLondon _bBloomsbury Academic UK _c2018 |
||
| 300 |
_axvii,619p. _ccm. |
||
| 650 | _a PHILOSOPHY | ||
| 650 | _a SOCIOLOGY | ||
| 650 | _aFEMINISM | ||
| 942 |
_hY15:(R), Q8 _cTEXL _2cc |
||
| 999 |
_c958795 _d958795 |
||